000 00560nam a2200157 i 4500
001 88521
003 ES-MaACL
007 t|
008 050104s1959 sp ||||1| spa d
100 1 _aLam, Conrad R.
_969749
245 1 0 _aCirugía cardiovascular
_b: estudios sobre fisiología, diagnóstico y técnicas /
_cConrad R. Lam ; traducido del inglés por José Calderón Montero.
260 _aMadrid :
_bEspasa-Calpe,
_c1959.
300 _aXXVIII, 578 p., 8 lám. ;
_c25 cm.
700 1 _aCalderón Montero, José.
_933623
852 _aES-MaACL
_jE-2391
_bR.43519
999 _c88521
_d88521